Central Library OPAC University of Rajshahi

অনাবাদী জমি / (Record no. 44524)

MARC details
000 -LEADER
fixed length control field 01100nam a2200253 a 4500
001 - CONTROL NUMBER
control field 44524
003 - CONTROL NUMBER IDENTIFIER
rucl marc code BD-RjUL
005 - DATE AND TIME OF LATEST TRANSACTION
control field 20211209053856.0
008 - FIXED-LENGTH DATA ELEMENTS--GENERAL INFORMATION
fixed length control field 160718s1954 ii ||||| |||| 00| 0 ben d
020 ## - INTERNATIONAL STANDARD BOOK NUMBER
Terms of availability : PRs.4.00
035 ## - SYSTEM CONTROL NUMBER
System control number (BD-RjUL)44642
040 ## - CATALOGING SOURCE
Original cataloging agency BD-RjUL
Language of cataloging ben
Transcribing agency BD-RjUL
Modifying agency BD-RjUL
041 ## - LANGUAGE CODE
Language code of text/sound track or separate title ben
082 ## - DEWEY DECIMAL CLASSIFICATION NUMBER
Edition number 23
Classification number 891.733
Author mark and year TUO 1954
100 ## - MAIN ENTRY--PERSONAL NAME
Personal name তুর্গেনিভ, ইভান
9 (RLIN) 123255
245 10 - TITLE STATEMENT
Title অনাবাদী জমি /
Statement of responsibility, etc. ইভান তুর্গেনিভ, অনুবাদ : আবুল কালাম শামসুদ্দীন
250 ## - EDITION STATEMENT
Edition statement ২য় সং.
260 ## - PUBLICATION, DISTRIBUTION, ETC. (IMPRINT)
Place of publication, distribution, etc. কলিকাতা :
Name of publisher, distributor, etc. নওরোজ লাইব্রেরী,
Date of publication, distribution, etc. ১৯৫৪
300 ## - PHYSICAL DESCRIPTION
Pagination [৬], ২৩৮ পৃ. ;
Size ১৮ সেমি.
651 ## - SUBJECT ADDED ENTRY--GEOGRAPHIC NAME
Geographic name রাশিয়া
Form subdivision সামাজিক জীবন ও শুল্ক
General subdivision উপন্যাস
9 (RLIN) 136639
Geographic name Russia
Form subdivision Social life and customs
General subdivision Fiction.
9 (RLIN) 136640
700 ## - ADDED ENTRY--PERSONAL NAME
Personal name শামসুদ্দীন, আবুল কালাম : অনুবাদ
942 ## - ADDED ENTRY ELEMENTS (KOHA)
Source of classification or shelving scheme Dewey Decimal Classification
Koha item type Books
Holdings
Lost status Source of classification or shelving scheme Damaged status Not for loan Collection code Permanent Location Current Location Shelving location Date acquired Source of acquisition Cost, normal purchase price Total Checkouts Full call number Date last seen Copy number Koha item type
  Dewey Decimal Classification     Non-fiction Central Library, University of Rajshahi Central Library, University of Rajshahi   27/11/1955 Faruque library 4.00   B 891.733 TUO 1954 18/07/2016 C-2 Books
  Dewey Decimal Classification     Non-fiction Central Library, University of Rajshahi Central Library, University of Rajshahi   27/11/1955 Faruque library 4.00   B 891.733 TUO 1954 11/08/2016 C-3 Books